| 000 | 00711cam a2200229 a 4500 | ||
|---|---|---|---|
| 001 | 19808 | ||
| 003 | BD-RjUL | ||
| 005 | 20211209000500.0 | ||
| 008 | 140225r19351808enk 001 0 eng d | ||
| 035 | _a(BD-RjUL)19869 | ||
| 040 |
_aMST _cMST _dm.c _dBD-RjUL _beng |
||
| 041 | _aeng | ||
| 082 | 0 | 4 |
_a822.33 _bSHM 1935 |
| 100 | 1 |
_aShakespeare, William, _d1564-1616. _960850 |
|
| 245 | 1 | 4 |
_aThe merchant of Venice / _cby William Shakespeare ; edited by A.W. Verity. |
| 260 |
_aCambridge : _bAt the University press, _c1998 [reprinted 1935]. |
||
| 300 |
_axlvii, 200 p. ; _c22 cm. |
||
| 504 | _aincludes index. | ||
| 650 | 1 |
_a Jews -- Italy -- Drama. _960851 |
|
| 700 | 1 |
_aVerity, A.W. _960852 |
|
| 942 |
_2ddc _cBK |
||
| 999 |
_c19808 _d19808 |
||